00282nam a2200121Ia 4500008004100000041000800041082001600049100001400065245001700079250001000096260003500106700001900141230627s9999 xx 000 0 und d amar a346.03bBAS aBasu D.D  aLaw Of Torts a12ed. aKolkatabKamal Law Housec2006 a Chatterji S S